[Event "Politiken Cup 2007"]
[Site "Helsingor"]
[Date "2007.07.21"]
[Round "1.126"]
[White "Olafsson, Olafur"]
[Black "Sihvonen, Tero"]
[Result "0-1"]
[WhiteElo "1300"]
[BlackElo "2056"]
[PlyCount "118"]
[EventDate "2007.??.??"]

1. e4 e5 2. Nf3 Nc6 3. Bc4 Nf6 4. Nc3 a6 5. d3 Bc5 6. Bg5 h6 7. Bh4 g5 8. Bg3
d6 9. Ne2 Na5 10. Nd2 Nh5 11. f3 c6 12. a3 Nxc4 13. Nxc4 b5 14. Nd2 Qb6 15. Rf1
Nxg3 16. Nxg3 Be6 17. Qe2 O-O-O 18. O-O-O a5 19. Kb1 Kc7 20. Nf5 f6 21. g3 Bxf5
22. exf5 d5 23. f4 Bd6 24. Qh5 Rdf8 25. fxe5 Bxe5 26. Nf3 c5 27. Nxe5 fxe5 28.
Qf3 Qd6 29. Rde1 Re8 30. Re2 a4 31. Qg4 Qf6 32. Rfe1 h5 33. Qf3 Kd6 34. c4 bxc4
35. dxc4 e4 36. Qf2 Re5 37. cxd5 Rhe8 38. Rc1 e3 39. Qf1 Qxf5+ 40. Qxf5 Rxf5
41. Kc2 Kxd5 42. Rce1 Rfe5 43. Kc3 h4 44. Kd3 c4+ 45. Kc3 Kc5 46. Rf1 Rb8 47.
gxh4 Rb3+ 48. Kc2 gxh4 49. Rf4 h3 50. Rf3 Kd4 51. Rxh3 Ke4 52. Rh4+ Kf3 53. Kd1
Rg5 54. Rh3+ Ke4 55. Kc2 Rg4 56. Rh8 Kf3 57. Re1 Rg2+ 58. Kc1 Rgxb2 59. Rf8+
Kg2 0-1

[Event "Politiken Cup 2007"]
[Site "Helsingor"]
[Date "2007.07.21"]
[Round "1.127"]
[White "Jensen, Morten Frank"]
[Black "Braüner, Jonathan"]
[Result "1-0"]
[WhiteElo "2054"]
[BlackElo "1284"]
[PlyCount "105"]
[EventDate "2007.??.??"]

1. e4 e5 2. Bc4 Nc6 3. d3 Bc5 4. Nc3 h6 5. Nf3 d6 6. Be3 Bb6 7. Nd5 Nf6 8. Nxb6
axb6 9. a3 O-O 10. h3 Bd7 11. Qd2 Na5 12. Ba2 c5 13. Bxh6 gxh6 14. Qxh6 Be6 15.
Bxe6 fxe6 16. Qg6+ Kh8 17. Ng5 Qe7 18. O-O-O Rad8 19. Qh6+ Kg8 20. Rdf1 Qg7 21.
Qh4 Nh7 22. Nxh7 Qxh7 23. Qg4+ Qg7 24. Qe2 Qg5+ 25. Kb1 Rf6 26. h4 Qh6 27. g4
Rf4 28. g5 Qg7 29. h5 Kh8 30. Rfg1 Nc6 31. c3 Rdf8 32. Rh2 Rg8 33. g6 Qf6 34.
Qe3 Rg7 35. Qg3 Ne7 36. Qg5 Qxg5 37. Rxg5 Rf6 38. Kc2 Ng8 39. Kb3 Nh6 40. Kc4
Rf3 41. Rhg2 b5+ 42. Kxb5 Rxd3 43. Kc4 Rd2 44. b4 cxb4 45. axb4 Rc2 46. R5g3
Kg8 47. Rf3 Rc7+ 48. Kb3 Re2 49. Rf6 Rxe4 50. Rxe6 d5 51. Rg3 Re2 52. g7 Kh7
53. Rxh6+ 1-0

[Event "Politiken Cup 2007"]
[Site "Helsingor"]
[Date "2007.07.21"]
[Round "1.128"]
[White "Edakina, Maria"]
[Black "Schmied, Andreas"]
[Result "0-1"]
[WhiteElo "1281"]
[BlackElo "2054"]
[PlyCount "92"]
[EventDate "2007.??.??"]

1. d4 Nf6 2. c4 g6 3. Nc3 Bg7 4. Nf3 O-O 5. e4 d6 6. h3 e5 7. d5 a5 8. Be3 Na6
9. Bd3 Qe8 10. O-O Nh5 11. Be2 Nf4 12. Qd2 Nxe2+ 13. Qxe2 f5 14. Ne1 f4 15. Bd2
g5 16. Kh2 Qg6 17. g4 Kf7 18. Rh1 Rh8 19. f3 Bd7 20. Nd3 b6 21. Kg2 Bf6 22. Nb5
h5 23. a3 a4 24. Nc3 Rh6 25. Nb5 Rah8 26. Nb4 Bxb5 27. cxb5 Nc5 28. Rac1 Bd8
29. Nd3 Nb3 30. Rc4 hxg4 31. fxg4 Qh7 32. Nf2 Ke8 33. Bc3 Qe7 34. Rxa4 f3+ 35.
Kxf3 Rf8+ 36. Kg3 Rhf6 37. Rf1 Qf7 38. Kg2 Rf3 39. Ra7 Qf4 40. Be1 Qg3+ 41. Kh1
Nd4 42. Qd2 Re3 43. Rg1 Qf3+ 44. Rg2 Qf4 45. Qd1 Rh8 46. Bc3 Ne2 0-1

[Event "Politiken Cup 2007"]
[Site "Helsingor"]
[Date "2007.07.21"]
[Round "1.129"]
[White "Akdag, Dara"]
[Black "Kristensen, Steffen Michael"]
[Result "1-0"]
[WhiteElo "2053"]
[BlackElo "1250"]
[PlyCount "39"]
[EventDate "2007.??.??"]

1. d4 Nf6 2. c4 g6 3. Nc3 Bg7 4. e4 d6 5. Nf3 Bg4 6. Be2 Nbd7 7. Be3 O-O 8. O-O
Nb6 9. Qb3 Qc8 10. h3 Bxf3 11. Bxf3 c6 12. Rfe1 Nbd7 13. Rad1 e5 14. dxe5 Nxe5
15. Be2 Qc7 16. f4 Ned7 17. Bf3 b6 18. Qc2 Rfe8 19. b4 c5 20. Nb5 1-0

[Event "Politiken Cup 2007"]
[Site "Helsingor"]
[Date "2007.07.21"]
[Round "1.130"]
[White "Lindgaard, Tobias S"]
[Black "Hansen, Anders"]
[Result "0-1"]
[WhiteElo "1244"]
[BlackElo "2053"]
[PlyCount "104"]
[EventDate "2007.??.??"]

1. c4 e5 2. Nc3 Nf6 3. d3 Bb4 4. Bd2 O-O 5. a3 Be7 6. e3 d6 7. Be2 c6 8. Nf3
Bf5 9. h3 Nbd7 10. d4 Ne8 11. d5 Bg6 12. h4 f5 13. h5 Bf7 14. Bc1 c5 15. Qc2 g6
16. hxg6 Bxg6 17. e4 f4 18. Bd3 Nc7 19. Qe2 a6 20. Ng1 Nf6 21. Nf3 Nd7 22. Ng1
Rf7 23. Qg4 Rg7 24. Qh3 Nf6 25. f3 Be8 26. Qh2 Bd7 27. Nge2 b5 28. b3 bxc4 29.
bxc4 Rb8 30. Bc2 Qe8 31. Qh6 Rxg2 32. Bxf4 Qg6 33. Qxg6+ Rxg6 34. Bc1 Rg7 35.
Rb1 Rxb1 36. Bxb1 Be8 37. f4 Ng4 38. f5 h5 39. Na4 Bxa4 40. Rxh5 Rh7 41. Rxh7
Kxh7 42. Nc3 Bd7 43. Bc2 Bf8 44. Ba4 Bxa4 45. Nxa4 Nf6 46. Kf2 Nxe4+ 47. Kf3
Nf6 48. Bg5 Nd7 49. Bd8 Ne8 50. Nc3 Nef6 51. Ne4 Nxe4 52. Kxe4 Kg7 0-1

[Event "Politiken Cup 2007"]
[Site "Helsingor"]
[Date "2007.07.21"]
[Round "1.132"]
[White "Zmylon, Frederik Nielsen"]
[Black "Jorgensen, Arne Bjorn"]
[Result "0-1"]
[WhiteElo "1174"]
[BlackElo "2049"]
[PlyCount "52"]
[EventDate "2007.??.??"]

1. e4 e6 2. Nf3 d5 3. exd5 exd5 4. Bd3 Nf6 5. O-O Be7 6. b3 O-O 7. Re1 c5 8.
Ba3 Nc6 9. Nc3 Bg4 10. h3 Bh5 11. Na4 b6 12. Bb5 Nd4 13. Be2 Nxe2+ 14. Rxe2
Bxf3 15. gxf3 Re8 16. Qf1 Qd7 17. Rae1 Nh5 18. d4 Nf4 19. Re3 Ne6 20. dxc5 bxc5
21. Nxc5 Bxc5 22. Bxc5 Nxc5 23. Rc3 Rxe1 24. Qxe1 Re8 25. Qf1 Ne6 26. Rd3 Nf4
0-1

[Event "Politiken Cup 2007"]
[Site "Helsingor"]
[Date "2007.07.21"]
[Round "1.133"]
[White "Markgraf, Claudia"]
[Black "Nielsen, Bjørn"]
[Result "1-0"]
[WhiteElo "2049"]
[BlackElo "1110"]
[PlyCount "49"]
[EventDate "2007.??.??"]

1. e4 e5 2. Bc4 Nc6 3. f4 exf4 4. Nf3 Bc5 5. d4 Bb4+ 6. c3 Ba5 7. Bxf4 Nge7 8.
Ng5 O-O 9. Qh5 h6 10. Nxf7 Rxf7 11. Bxf7+ Kh8 12. Bxh6 Ng8 13. Bg5+ Nh6 14.
Bxd8 Nxd8 15. Bc4 d6 16. Qe8+ Kh7 17. Qxd8 b5 18. Bd3 g6 19. O-O Bb7 20. Qe7+
Kg8 21. e5 Nf5 22. Bxf5 gxf5 23. Rxf5 Bd5 24. Rg5+ Kh8 25. Qg7# 1-0

[Event "Politiken Cup 2007"]
[Site "Helsingor"]
[Date "2007.07.21"]
[Round "1.134"]
[White "Larsen, Bror Johannes"]
[Black "Jensen, Ib"]
[Result "0-1"]
[WhiteElo "1048"]
[BlackElo "2047"]
[PlyCount "88"]
[EventDate "2007.??.??"]

1. e4 Nc6 2. d4 d5 3. exd5 Qxd5 4. Nf3 Bg4 5. Be3 O-O-O 6. c3 e5 7. Be2 exd4 8.
cxd4 Nf6 9. O-O Bd6 10. Nc3 Qh5 11. g3 Rhe8 12. Nh4 g5 13. Bxg4+ Nxg4 14. h3
gxh4 15. hxg4 Qg6 16. gxh4 Rg8 17. f3 h5 18. g5 Qe6 19. Ne4 Qh3 20. Nxd6+ Rxd6
21. Rf2 Nxd4 22. Bxd4 Qxh4 23. Rh2 Rxg5+ 24. Rg2 Rxd4 25. Qe2 Rxg2+ 26. Qxg2
Rd8 27. Rc1 f6 28. Qg7 Qg5+ 29. Qxg5 fxg5 30. Rc5 Rg8 31. Kh2 Kd7 32. Kg3 Kd6
33. Rf5 Rg6 34. Ra5 a6 35. Rf5 b6 36. b3 c5 37. f4 gxf4+ 38. Kxf4 Rg2 39. Rf6+
Kc7 40. Rf7+ Kc6 41. Rf6+ Kb5 42. a4+ Ka5 43. Rh6 Rb2 44. Rxh5 Rxb3 0-1

[Event "Politiken Cup 2007"]
[Site "Helsingor"]
[Date "2007.07.21"]
[Round "1.135"]
[White "Rosenkilde, Alexander"]
[Black "Brandt, Eivind"]
[Result "1-0"]
[WhiteElo "2047"]
[BlackElo "1030"]
[PlyCount "89"]
[EventDate "2007.??.??"]

1. d4 d5 2. c4 e6 3. Nc3 Nf6 4. Bg5 Be7 5. e3 O-O 6. Nf3 b6 7. Rc1 Bb7 8. cxd5
Nxd5 9. Bxe7 Qxe7 10. Bd3 c6 11. O-O Nd7 12. a3 c5 13. Bb1 Rfd8 14. Qc2 N5f6
15. Ng5 cxd4 16. exd4 Nf8 17. Rfd1 Rac8 18. Qe2 Nd5 19. Qh5 h6 20. Nge4 Ng6 21.
g3 Nf6 22. Qe2 Ba8 23. Nxf6+ Qxf6 24. Ne4 Bxe4 25. Rxc8 Rxc8 26. Qxe4 Rd8 27.
h4 Ne7 28. Qb7 g6 29. Qxa7 Rxd4 30. Rxd4 Qxd4 31. Qxe7 Qd1+ 32. Kh2 Qxb1 33.
Qd8+ Kg7 34. Qxb6 g5 35. Qd4+ Kg6 36. hxg5 hxg5 37. a4 Qe1 38. b4 f5 39. b5 e5
40. Qe3 Qa1 41. b6 f4 42. Qe4+ Kh5 43. g4+ Kh4 44. Qh7+ Kxg4 45. Qh3# 1-0

[Event "Politiken Cup 2007"]
[Site "Helsingor"]
[Date "2007.07.21"]
[Round "1.136"]
[White "Brandt, Jan-Erik"]
[Black "Thomassen, Thomas"]
[Result "0-1"]
[WhiteElo "1000"]
[BlackElo "2047"]
[PlyCount "52"]
[EventDate "2007.??.??"]

1. d4 d5 2. Nf3 Nf6 3. c4 c6 4. e3 e6 5. a3 Nbd7 6. Bd3 dxc4 7. Bxc4 b5 8. Bb3
Bb7 9. Bc2 c5 10. O-O Qc7 11. Nbd2 Be7 12. Re1 Rc8 13. b3 cxd4 14. Bd3 dxe3 15.
Rxe3 Nd5 16. Re1 Qc3 17. Rb1 Qxd3 18. Ne5 Nxe5 19. Rxe5 Nc3 20. Re3 Qd5 21. Qf3
Nxb1 22. Nc4 bxc4 23. b4 Qxf3 24. gxf3 Bg5 25. Re1 Bxc1 26. Rxc1 Nxa3 0-1

[Event "Politiken Cup 2007"]
[Site "Helsingor"]
[Date "2007.07.21"]
[Round "1.137"]
[White "Nordfjoerd, Sverrir"]
[Black "Johansen, Stian"]
[Result "1-0"]
[WhiteElo "2039"]
[BlackElo "1000"]
[PlyCount "61"]
[EventDate "2007.??.??"]

1. e4 e6 2. d4 d5 3. Nc3 Nf6 4. Bg5 Bb4 5. e5 h6 6. Bd2 Nfd7 7. Qg4 g6 8. Bd3
Qe7 9. Nf3 c5 10. Nb5 Bxd2+ 11. Kxd2 c4 12. Nd6+ Kd8 13. Be2 Nc6 14. c3 a6 15.
h4 b5 16. b4 Nb6 17. Qf4 Rh7 18. Rhb1 Kc7 19. Bd1 Bd7 20. a4 bxa4 21. b5 Nb8
22. Bxa4 axb5 23. Bxb5 Rxa1 24. Rxa1 Nc8 25. Bxd7 Qxd7 26. Rb1 Qa4 27. Rb7+ Kc6
28. Rxb8 g5 29. Rxc8+ Kb6 30. Qf6 Qa2+ 31. Ke3 1-0

[Event "Politiken Cup 2007"]
[Site "Helsingor"]
[Date "2007.07.21"]
[Round "1.138"]
[White "Percivaldi, Martin"]
[Black "Brøndum, Jan"]
[Result "1-0"]
[WhiteElo "1000"]
[BlackElo "1504"]
[PlyCount "61"]
[EventDate "2007.??.??"]

1. d4 d5 2. c4 Nf6 3. cxd5 Qxd5 4. Nc3 Qd8 5. e4 e6 6. Nf3 Bb4 7. Bc4 Nxe4 8.
Qc2 Bxc3+ 9. bxc3 Nd6 10. Bb3 Nd7 11. Ba3 Nf6 12. O-O b6 13. Rfe1 Bb7 14. Ne5
Be4 15. Qd2 O-O 16. f3 Bf5 17. g4 Bg6 18. Nxg6 hxg6 19. Re2 Nh7 20. Rae1 Ng5
21. Kg2 Qf6 22. Re3 Rad8 23. Qf2 Kh7 24. f4 Nge4 25. Qf3 c5 26. Bc2 Nd2 27. Qf2
N2c4 28. Bc1 Nxe3+ 29. Rxe3 cxd4 30. cxd4 Qxd4 31. Rh3+ 1-0

[Event "Politiken Cup 2007"]
[Site "Helsingor"]
[Date "2007.07.21"]
[Round "1.139"]
[White "Fjellheim, Marius"]
[Black "Zude, Erik Dr"]
[Result "0-1"]
[WhiteElo "1318"]
[BlackElo "2399"]
[PlyCount "42"]
[EventDate "2007.??.??"]

1. d4 d5 2. Nf3 Nf6 3. c4 dxc4 4. e3 e6 5. Bxc4 c5 6. Nc3 a6 7. a4 Nc6 8. O-O
Be7 9. dxc5 Qxd1 10. Rxd1 Bxc5 11. h3 b6 12. e4 Bb7 13. Bf4 Na5 14. Bd3 O-O 15.
Bc2 Rac8 16. Bd6 Bxd6 17. Rxd6 Nc4 18. Rd4 Nxb2 19. Rb1 Nxa4 20. Bxa4 Rxc3 21.
e5 Nd5 0-1

[Event "Politiken Cup 2007"]
[Site "Helsingor"]
[Date "2007.07.22"]
[Round "2.2"]
[White "Sargissian, Gabriel"]
[Black "Zelbel, Patrick"]
[Result "1-0"]
[WhiteElo "2667"]
[BlackElo "2193"]
[PlyCount "183"]
[EventDate "2007.??.??"]

1. d4 Nf6 2. c4 g6 3. Nf3 Bg7 4. g3 O-O 5. Bg2 d6 6. O-O c6 7. Nc3 Qa5 8. h3
Be6 9. Nd2 Qa6 10. d5 Bc8 11. Qc2 Nbd7 12. dxc6 bxc6 13. b3 Bb7 14. Bb2 Qb6 15.
e4 Rac8 16. Rfe1 Rfe8 17. Nf3 Qc7 18. Rad1 e5 19. Qd2 Bf8 20. Ba3 Qa5 21. Qb2
Qc7 22. Nd2 Nc5 23. Bxc5 dxc5 24. Nf3 Rcd8 25. Qc1 Nh5 26. Rxd8 Rxd8 27. Rd1
Rxd1+ 28. Qxd1 Ng7 29. Ne1 Ne6 30. h4 Nd4 31. Nd3 Bd6 32. Bh3 Qe7 33. Kg2 f5
34. Qe1 f4 35. Qd1 h5 36. Ne1 Bc7 37. Na4 fxg3 38. fxg3 Ba5 39. Nf3 Kg7 40. Nb2
Bc7 41. Nd3 Bd6 42. Ng5 Qe8 43. Ne1 Bc8 44. Bxc8 Qxc8 45. Nh3 Be7 46. Nf2 Qf8
47. Qd2 Qf7 48. Qa5 Bd6 49. Nh3 Qc7 50. Qd2 Qd7 51. Nf2 Qf7 52. Qa5 Qc7 53. Qa6
Qf7 54. Nfd3 Qd7 55. Nf2 Qf7 56. Qa3 Qd7 57. Nf3 Qe7 58. Qa5 Qd7 59. Qa3 Qe7
60. Nd3 Qf7 61. Ng5 Qe7 62. Qa5 Kh6 63. Qd2 Kg7 64. Qa5 Kh6 65. Nf3 Kg7 66.
Nxd4 cxd4 67. c5 Bb8 68. Qa6 Qd7 69. Nb4 Qg4 70. Qd3 Qe6 71. Na6 Qc8 72. b4 Bc7
73. b5 Bd8 74. Nb4 cxb5 75. Qxb5 Be7 76. Nd3 Qc7 77. c6 Bd6 78. Qd5 Qe7 79. Ne1
Qc7 80. Nf3 Qe7 81. Ng5 Kf6 82. Qg8 d3 83. Qd5 Qc7 84. Qxd3 Qxc6 85. Qf3+ Ke7
86. Qf7+ Kd8 87. Qxg6 Qc2+ 88. Kh3 Qc8+ 89. Qe6 Qxe6+ 90. Nxe6+ Ke7 91. Ng7 Kf7
92. Nxh5 1-0

[Event "Politiken Cup 2007"]
[Site "Helsingor"]
[Date "2007.07.22"]
[Round "2.3"]
[White "Thorhallsson, Gylfi"]
[Black "Krasenkow, Michal"]
[Result "0-1"]
[WhiteElo "2195"]
[BlackElo "2660"]
[PlyCount "110"]
[EventDate "2007.??.??"]

1. e4 Nf6 2. Nc3 d5 3. exd5 Nxd5 4. d4 Nxc3 5. bxc3 g6 6. Bc4 Bg7 7. Qf3 O-O 8.
Ne2 c5 9. h4 cxd4 10. h5 Bf5 11. hxg6 Bxg6 12. Bd3 Nd7 13. cxd4 Rc8 14. Qh3 Nf6
15. O-O Qd7 16. Qxd7 Nxd7 17. Bxg6 hxg6 18. c3 Rc4 19. Ba3 Ra4 20. Bc1 b5 21.
Be3 Nb6 22. Rfb1 a6 23. Rb4 Rc8 24. Rxa4 Nxa4 25. Rc1 e6 26. Kf1 Bf8 27. Ke1
Ba3 28. Rc2 Nb6 29. Kd2 f6 30. Kd3 Kf7 31. Bc1 Be7 32. Bf4 g5 33. Be3 f5 34. f3
Nd5 35. Bd2 Rc4 36. Nc1 Nb6 37. Nb3 Rc8 38. Na5 Nc4 39. Nb3 Kf6 40. Bc1 Rh8 41.
a4 Rh1 42. axb5 axb5 43. Ra2 Bd6 44. Ra7 Bg3 45. Rb7 Nd6 46. Bxg5+ Kg6 47. Re7
Kxg5 48. Rg7+ Kf4 49. Nc5 Re1 50. Rg6 Re3+ 51. Kc2 Re2+ 52. Kd3 Rxg2 53. Nxe6+
Kxf3 54. Ng5+ Kf2 55. Rg8 Bh2 0-1

[Event "Politiken Cup 2007"]
[Site "Helsingor"]
[Date "2007.07.22"]
[Round "2.4"]
[White "Nielsen, Peter Heine"]
[Black "Duchene, Rene"]
[Result "1-0"]
[WhiteElo "2637"]
[BlackElo "2188"]
[PlyCount "81"]
[EventDate "2007.??.??"]

1. d4 Nf6 2. c4 g6 3. Nc3 Bg7 4. e4 d6 5. Nf3 O-O 6. Be2 e5 7. O-O Na6 8. Re1
c6 9. Bf1 Ng4 10. Bg5 Qa5 11. d5 Qb6 12. Re2 h6 13. Bc1 c5 14. Re1 Qd8 15. g3
Nc7 16. a3 Qe8 17. Nh4 f5 18. Bh3 h5 19. exf5 gxf5 20. f3 Nh6 21. Bg5 Qf7 22.
Qd2 Kh7 23. Qc2 Kg8 24. b4 b6 25. bxc5 bxc5 26. Rab1 Ne8 27. Kh1 Kh8 28. Nd1
Kg8 29. Nf2 Ng4 30. Nd1 Nh6 31. Rg1 Nc7 32. Ne3 Ng4 33. fxg4 hxg4 34. Bf1 Qh5
35. Be7 Rf7 36. Bxd6 f4 37. Neg2 Bf6 38. Bd3 f3 39. Bg6 fxg2+ 40. Rxg2 Qg5 41.
Bxf7+ 1-0

[Event "Politiken Cup 2007"]
[Site "Helsingor"]
[Date "2007.07.22"]
[Round "2.5"]
[White "Stripunsky, Alexander"]
[Black "Tadjerbashi, Amir"]
[Result "1/2-1/2"]
[WhiteElo "2589"]
[BlackElo "2182"]
[PlyCount "105"]
[EventDate "2007.??.??"]

1. e4 e5 2. Nf3 Nc6 3. Bb5 a6 4. Ba4 Nf6 5. d3 d6 6. c3 Be7 7. Nbd2 O-O 8. O-O
b5 9. Bc2 d5 10. h3 h6 11. Re1 dxe4 12. dxe4 Be6 13. Nh2 Nd7 14. Ndf1 Bg5 15.
Ne3 Nb6 16. Qf3 Qf6 17. Nf5 Bxc1 18. Ng4 Qg5 19. Raxc1 h5 20. Nge3 g6 21. Nd5
Nxd5 22. exd5 Bxf5 23. dxc6 Bxc2 24. Rxc2 Rad8 25. Rce2 Rfe8 26. Re4 Re6 27. a4
Rd2 28. axb5 axb5 29. h4 Qf6 30. Qxf6 Rxf6 31. R4e2 Rxe2 32. Rxe2 Re6 33. Re4
Rxc6 34. Rxe5 b4 35. cxb4 Rc1+ 36. Kh2 Rc2 37. Kg3 Rxb2 38. b5 Rb4 39. Rc5 Kg7
40. Kf3 Kf6 41. Rc6+ Kg7 42. Rc5 Kf6 43. Ke3 Ke6 44. g3 Kd6 45. Rg5 Rb1 46. f4
Re1+ 47. Kd3 Rd1+ 48. Kc3 Rc1+ 49. Kb3 Rb1+ 50. Kc2 Re1 51. Kd2 Rb1 52. Ke3
Re1+ 53. Kd3 1/2-1/2

[Event "Politiken Cup 2007"]
[Site "Helsingor"]
[Date "2007.07.22"]
[Round "2.6"]
[White "Pedersen, Henrik B"]
[Black "Berg, Emanuel"]
[Result "0-1"]
[WhiteElo "2189"]
[BlackElo "2580"]
[PlyCount "79"]
[EventDate "2007.??.??"]

1. e4 e6 2. d4 d5 3. Nc3 Bb4 4. e5 b6 5. Bd2 Nh6 6. a3 Bf8 7. Nf3 c5 8. Bb5+
Bd7 9. Bg5 Qc7 10. O-O Nf5 11. Re1 h6 12. Bf4 Bxb5 13. Nxb5 Qc6 14. Nd6+ Nxd6
15. exd6 Bxd6 16. Bxd6 Qxd6 17. c4 O-O 18. cxd5 Qxd5 19. Re5 Qb7 20. dxc5 Nd7
21. Re3 Nxc5 22. b4 Ne4 23. Ne5 Nf6 24. b5 Rfd8 25. Qe2 Rd5 26. h3 Qc7 27. Re1
Qc5 28. a4 Rd4 29. Qa2 Rad8 30. Nc6 Rd2 31. Qb3 R8d7 32. Ne5 R7d5 33. Nf3 Rc2
34. Rf1 Nh5 35. Rd3 Nf4 36. Rxd5 Nxd5 37. Ne5 Rc3 38. Qd1 Qc7 39. Qh5 Nf4 40.
Qd1 0-1

[Event "Politiken Cup 2007"]
[Site "Helsingor"]
[Date "2007.07.22"]
[Round "2.7"]
[White "Hillarp Persson, Tiger"]
[Black "Zhao, Parker"]
[Result "1-0"]
[WhiteElo "2568"]
[BlackElo "2180"]
[PlyCount "89"]
[EventDate "2007.??.??"]

1. g3 d5 2. Bg2 c6 3. d3 Bg4 4. h3 Bh5 5. Nd2 Nf6 6. g4 Bg6 7. f4 e6 8. e4 h6
9. f5 exf5 10. exf5 Bh7 11. Ngf3 Bd6 12. Qe2+ Qe7 13. Qxe7+ Kxe7 14. O-O Re8
15. Re1+ Kf8 16. Rxe8+ Nxe8 17. b3 Nd7 18. Bb2 Bg3 19. Nf1 Bf4 20. Ba3+ Bd6 21.
Bxd6+ Nxd6 22. c4 dxc4 23. dxc4 Re8 24. Rd1 Ke7 25. Ng3 g6 26. Nd4 gxf5 27.
Bxc6 Rd8 28. Bxd7 Rxd7 29. c5 Ne4 30. Ndxf5+ Bxf5 31. Nxf5+ Kd8 32. Rxd7+ Kxd7
33. b4 Ke6 34. Kg2 h5 35. Ng7+ Ke5 36. Nxh5 Nc3 37. a3 a6 38. Ng7 Nb5 39. a4
Nc3 40. Nf5 Nxa4 41. Nd6 a5 42. bxa5 Nxc5 43. Nxf7+ Kf6 44. Nd6 Ke6 45. Nxb7
1-0

[Event "Politiken Cup 2007"]
[Site "Helsingor"]
[Date "2007.07.22"]
[Round "2.8"]
[White "Petersen, Peter Birk"]
[Black "Nyback, Tomi"]
[Result "1/2-1/2"]
[WhiteElo "2187"]
[BlackElo "2567"]
[PlyCount "83"]
[EventDate "2007.??.??"]

1. e4 e5 2. Nf3 Nc6 3. Bb5 a6 4. Ba4 Nf6 5. O-O Be7 6. Re1 b5 7. Bb3 O-O 8. h3
Bb7 9. d3 d6 10. a3 Nb8 11. Nbd2 Nbd7 12. Nf1 c6 13. Ng3 Re8 14. c3 Bf8 15. d4
h6 16. Nh2 c5 17. d5 g6 18. Bc2 c4 19. Ng4 Nxg4 20. hxg4 Qh4 21. Nf1 Nc5 22. g3
Qe7 23. Be3 Bc8 24. f3 Qf6 25. Kg2 Bd7 26. Nd2 h5 27. gxh5 gxh5 28. Rh1 Qg6 29.
Qg1 Be7 30. Qh2 h4 31. Rag1 Kg7 32. Kf1 h3 33. g4 Bg5 34. Ke2 Bxe3 35. Kxe3
Qg5+ 36. Ke2 Rh8 37. Rg3 Rh6 38. Rxh3 Rah8 39. Qg2 Rxh3 40. Rxh3 Rxh3 41. Qxh3
Bc8 42. Qh2 1/2-1/2

[Event "Politiken Cup 2007"]
[Site "Helsingor"]
[Date "2007.07.22"]
[Round "2.9"]
[White "Hector, Jonny"]
[Black "Salama, Omar"]
[Result "1-0"]
[WhiteElo "2550"]
[BlackElo "2173"]
[PlyCount "67"]
[EventDate "2007.??.??"]

1. d4 Nf6 2. Nc3 d5 3. Bg5 c6 4. Qd2 Bf5 5. f3 Nbd7 6. O-O-O h6 7. Bh4 e6 8.
Re1 Bh7 9. e4 dxe4 10. fxe4 g5 11. Bg3 Bb4 12. Bd3 Qa5 13. Nf3 O-O-O 14. Ne5
Rhf8 15. Nc4 Bxc3 16. Qxc3 Qxc3 17. bxc3 Ne8 18. h4 Bg6 19. h5 Bh7 20. Nd6+
Nxd6 21. Bxd6 Rg8 22. Rhf1 Rg7 23. g4 b5 24. c4 bxc4 25. Bxc4 Kb7 26. Bd3 c5
27. dxc5 Kc6 28. Re3 Bg8 29. Be2 f6 30. e5 Nxe5 31. Rxf6 Nd7 32. Bf3+ Kb5 33.
a4+ Ka6 34. Be2+ 1-0

[Event "Politiken Cup 2007"]
[Site "Helsingor"]
[Date "2007.07.22"]
[Round "2.10"]
[White "Laursen, Niels Norskov"]
[Black "Godena, Michele"]
[Result "0-1"]
[WhiteElo "2186"]
[BlackElo "2547"]
[PlyCount "98"]
[EventDate "2007.??.??"]

1. e4 e5 2. Nf3 Nc6 3. d4 exd4 4. Nxd4 Bb4+ 5. c3 Bc5 6. Be3 Bb6 7. Qg4 Qf6 8.
Qg3 Qg6 9. Bd3 Nf6 10. Nf5 d5 11. Bxb6 axb6 12. Qxg6 hxg6 13. Ng3 Be6 14. Nd2
O-O-O 15. f3 Ne5 16. Bc2 dxe4 17. Ndxe4 Nc4 18. Bb3 Nxb2 19. Bxe6+ fxe6 20. O-O
Nd5 21. Ng5 Ne3 22. Rf2 Rd1+ 23. Rxd1 Nbxd1 24. Re2 Rd8 25. N3e4 Rd3 26. Nxe6
Nxc3 27. Nxc3 Rxc3 28. Kf2 Nf5 29. g4 Nh4 30. Ng5 Rc5 31. f4 Rc3 32. Re3 Rxe3
33. Kxe3 Ng2+ 34. Kf3 Ne1+ 35. Ke2 Nc2 36. Ne6 Kd7 37. f5 gxf5 38. gxf5 Ke7 39.
Nxg7 c5 40. Nh5 Nd4+ 41. Kd3 Nxf5 42. Nf4 Kd6 43. Ng6 b5 44. h4 c4+ 45. Kc3 Ne7
46. Nf8 Nd5+ 47. Kd4 Nf4 48. Nh7 Ne6+ 49. Ke4 Ke7 0-1

[Event "Politiken Cup 2007"]
[Site "Helsingor"]
[Date "2007.07.22"]
[Round "2.11"]
[White "Agrest, Evgenij"]
[Black "Andersen, Ib Hother"]
[Result "1-0"]
[WhiteElo "2541"]
[BlackElo "2162"]
[PlyCount "148"]
[EventDate "2007.??.??"]

1. Nf3 d5 2. d4 Nf6 3. c4 c6 4. Qb3 dxc4 5. Qxc4 Bf5 6. g3 Nbd7 7. Nc3 e6 8.
Bg2 Be7 9. Qb3 Qb6 10. Nd2 O-O 11. Nc4 Qxb3 12. axb3 Bb4 13. Bd2 Bc2 14. Nb1
Bxd2+ 15. Nbxd2 a6 16. O-O Rfd8 17. Rac1 Bg6 18. Na5 Rab8 19. Ndc4 Nf8 20. Rfd1
Ne8 21. Rd2 Nd6 22. h3 f6 23. Rcd1 Ne4 24. Bxe4 Bxe4 25. f3 Bg6 26. e4 Bf7 27.
Kf2 Ng6 28. Ke3 Kf8 29. h4 Ne7 30. Nb6 Nc8 31. Nac4 Nxb6 32. Nxb6 Ke7 33. b4 h6
34. g4 h5 35. g5 fxg5 36. hxg5 g6 37. Nc4 Rf8 38. Ne5 Rbd8 39. Rh1 Rg8 40. Rh4
Rg7 41. Rf4 Rf8 42. Nd3 Bg8 43. Rxf8 Kxf8 44. Ne5 Ke7 45. Kf4 Bf7 46. Nc4 Rg8
47. Ke5 Rd8 48. Rc2 Bg8 49. f4 Bf7 50. Ne3 Rd7 51. Rf2 Rd8 52. Rf1 Rg8 53. Rc1
Rd8 54. Nc4 Bg8 55. Na5 Rd7 56. Nb3 Rd8 57. Nc5 Rb8 58. Rc3 Bf7 59. Rh3 Bg8 60.
Rh1 Bf7 61. Rh4 b6 62. Nxa6 Ra8 63. b5 cxb5 64. Nb4 Rc8 65. Rh1 Rc4 66. Nd3 Be8
67. f5 exf5 68. exf5 gxf5 69. Nf4 Rc2 70. g6 Rxb2 71. Rxh5 b4 72. Rh7+ Kf8 73.
Kf6 b5 74. Ke5 Rb3 1-0

[Event "Politiken Cup 2007"]
[Site "Helsingor"]
[Date "2007.07.22"]
[Round "2.13"]
[White "Lie, Kjetil A"]
[Black "Soraas, Torben"]
[Result "1-0"]
[WhiteElo "2536"]
[BlackElo "2155"]
[PlyCount "43"]
[EventDate "2007.??.??"]

1. e4 c5 2. Nf3 Nc6 3. d4 cxd4 4. Nxd4 g6 5. c4 Nf6 6. Nc3 d6 7. Nc2 Bg7 8. Be2
O-O 9. O-O Nd7 10. Bd2 Nc5 11. b4 Bxc3 12. Bxc3 Nxe4 13. Bb2 a5 14. b5 Ne5 15.
Qd4 Nf6 16. c5 Qc7 17. cxd6 exd6 18. Ne3 Be6 19. f4 Ned7 20. f5 gxf5 21. Rac1
Qb8 22. Nxf5 1-0

[Event "Politiken Cup 2007"]
[Site "Helsingor"]
[Date "2007.07.22"]
[Round "2.14"]
[White "Smeele, Frank"]
[Black "Schandorff, Lars"]
[Result "0-1"]
[WhiteElo "2173"]
[BlackElo "2521"]
[PlyCount "104"]
[EventDate "2007.??.??"]

1. c4 Nf6 2. Nc3 e6 3. e4 d5 4. e5 d4 5. exf6 dxc3 6. fxg7 cxd2+ 7. Qxd2 Qxd2+
8. Bxd2 Bxg7 9. O-O-O Nc6 10. Nf3 O-O 11. Bd3 f5 12. Rhe1 e5 13. Bf1 e4 14. Ng1
Be6 15. f3 Ne5 16. fxe4 Nxc4 17. Bxc4 Bxc4 18. b3 Be6 19. e5 a5 20. Nf3 a4 21.
Kb2 axb3 22. axb3 Ra6 23. Ra1 Rxa1 24. Rxa1 Bd5 25. Bc3 Re8 26. Re1 c5 27. Re3
b5 28. b4 cxb4 29. Bxb4 Bxf3 30. Rxf3 Rxe5 31. Kb3 Rd5 32. h3 h5 33. Bc3 Bxc3
34. Kxc3 Kg7 35. h4 Kf6 36. g3 Ke6 37. Re3+ Re5 38. Rf3 Re4 39. Rd3 f4 40. Kd2
fxg3 41. Rxg3 Rxh4 42. Rg5 Rd4+ 43. Ke3 Rd5 44. Rg8 Kf5 45. Rf8+ Kg4 46. Ke4
Rc5 47. Rf4+ Kg5 48. Rf8 Rc4+ 49. Kf3 b4 50. Kg3 Rc3+ 51. Kg2 b3 52. Rb8 Kf4
0-1

[Event "Politiken Cup 2007"]
[Site "Helsingor"]
[Date "2007.07.22"]
[Round "2.15"]
[White "Gretarsson, Hjorvar Stein"]
[Black "Holzke, Frank"]
[Result "0-1"]
[WhiteElo "2168"]
[BlackElo "2489"]
[PlyCount "106"]
[EventDate "2007.??.??"]

1. d4 d5 2. c4 c6 3. Nf3 Nf6 4. Nc3 dxc4 5. a4 Bf5 6. Ne5 Nbd7 7. Nxc4 Qc7 8.
g3 e5 9. dxe5 Nxe5 10. Bf4 Nfd7 11. Bg2 g5 12. Ne3 gxf4 13. Nxf5 O-O-O 14. O-O
fxg3 15. hxg3 Kb8 16. a5 a6 17. Qa4 Nc5 18. Qh4 Ne6 19. Rfc1 Bc5 20. b4 Nd4 21.
Nxd4 Bxd4 22. b5 Bxc3 23. Rxc3 axb5 24. a6 Rd6 25. axb7 Rhd8 26. Qb4 Rd1+ 27.
Rxd1 Rxd1+ 28. Kh2 Qd6 29. Qh4 b4 30. Rb3 Rd4 31. f4 Qe6 32. Rxb4 Rxb4 33. Qd8+
Kxb7 34. fxe5 Qxe5 35. Qd7+ Qc7 36. Bxc6+ Kb6 37. Qxc7+ Kxc7 38. Bf3 Kd6 39.
Kg2 Ke5 40. Kg1 Kd4 41. Kf2 Rb6 42. Bg4 Rf6+ 43. Bf3 Rf5 44. g4 Rg5 45. e3+ Kd3
46. Be2+ Kd2 47. Bf3 Re5 48. e4 Kd3 49. Bg2 Rxe4 50. Bxe4+ Kxe4 51. Kg3 Ke3 52.
g5 Ke4 53. Kg4 Ke5 0-1